000 00455nam a2200121Ia 4500
008 200902s9999 xx 000 0 und d
020 _a978-621-406-164-8
100 _aFrancisco, Virlyn
245 _cVirlyn Francisco , Paul Micah Francisco.--
_aRizal :
_bA modular approach based on the new ched curriculum /
260 _aManila :
_bMindshapers Co., Inc.
_c2018
300 _ax , 212 pages :
_billustrations ;
_c26 cm.
650 _aRizal, Jose P. (1861-1896)
999 _c364002
_d364002